Who Controls What: Year 1700 - Statistics

General Stats
  • This quiz has been taken 128 times
  • The average score is 10 of 18
Answer Stats
City Country % Correct
Santa Fe Spain
96%
Boston England
85%
Zurich Swiss Confederation
77%
Tokyo Edo Japan
76%
Tobago Spain
73%
Nassau England
71%
Cairo Ottoman Empire
71%
Manila Spain
71%
St Lucia France
66%
Minsk Poland/Lithuania
66%
Naples Spain
56%
Tallinn Sweden
56%
Karachi Mughal Empire
50%
Dresden Saxony
44%
St Thomas Denmark
24%
Patras Venice
20%
Astana Kazakh Khanate
19%
Tehran Safavid Empire
15%
No matching quizzes found
Score Distribution
Percent of People with Each Score
Percentile by Number Answered
Your Score History
You have not taken this quiz